Statistics for China Coastal Cities 中國沿海城市

Click here to take the quiz!

General Stats

  • This quiz has been taken 205 times
  • The average score is 18 of 24

Answer Stats

Province/Municipality/SARPopulationCity% Correct
Tianjin 天津10,920,000Tianjin 天津
96%
Liaoning 遼寧4,183,000Dalian 大連
95%
Hong Kong 香港7,246,000Hong Kong 香港
94%
Shanghai 上海23,416,000Shanghai 上海
94%
Guangdong 廣東20,597,000Guangzhou 廣州
92%
Fujian 福建4,420,000Xiamen 廈門
91%
Guangdong 廣東12,084,000Shenzhen 深圳
90%
Hainan 海南1,981,000Haikou 海口
88%
Zhejiang 浙江3,753,000NIngbo 寧波
81%
Guangdong 廣東2,419,000Shantou 汕頭
81%
Zhejiang 浙江3,169,000Wenzhou 溫州
81%
Shandong 山東5,816,000Qingdao 青島
78%
Shandong 山東1,520,000Yantai 煙台
78%
Shandong 山東1,208,000Weihai 威海
75%
Fujian 福建6,170,000Quanzhou 泉州
74%
Hebei 河北1,041,000Qinhuangdao 秦皇島
72%
Guangdong 廣東8,442,000Dongguan 東莞
71%
Guangdong 廣東1,547,000Zhuhai 珠海
71%
Jiangsu 江蘇1,128,000Lianyungang 連雲港
70%
Zhejiang 浙江1,585,000Taizhou 台州
66%
Guangdong 廣東3,031,000Zhongshan 中山
63%
Fujian 福建1,468,000Putian 莆田
62%
Guangdong 廣東1,042,000Zhanjiang 湛江
62%
Zhejiang 浙江1,490,000Cixi 慈溪
19%

Score Distribution

Percentile by Number Answered

Percent of People with Each Score

Your Score History

You have not taken this quiz